Interní audit

Salvato in:
Dettagli Bibliografici
Autore principale: Sawyer, Lawrence B.
Altri autori: Bonk, Petr
Natura: Libro
Lingua:ceco
Pubblicazione: Praha Český institut interních auditorů 2002
Edizione:2. vyd.
Soggetti:
Tags: Aggiungi Tag
Nessun Tag, puoi essere il primo ad aggiungerne!!

MARC

LEADER 00000nam$a2200000$$$4500
001 0022322
005 20240306141419.2
020 |a 80-86689-08-5 
041 0 |a cze 
044 |a CZ 
245 1 0 |a Interní audit  |c Lawrence B. Sawyer ; překlad: Petr Bonk 
250 |a 2. vyd. 
264 1 |a Praha  |b Český institut interních auditorů  |c 2002 
300 |a 313 s. 
610 2 0 |a audit interný 
610 2 0 |a audit 
610 2 0 |a audítori 
610 2 0 |a audítorstvo 
610 2 0 |a kontrola ekonomická 
100 1 |a Sawyer, Lawrence B. 
700 1 |a Bonk, Petr